|
|
|
|
| LEADER |
01476nam a22002897a 4500 |
| 001 |
44336 |
| 003 |
BD-DhAAL |
| 005 |
20250429165343.0 |
| 008 |
250427t2023 bg a|||| |||| 00| 0 ben d |
| 020 |
|
|
|a 9789849666134
|
| 040 |
|
|
|a BD-DhAAL
|d BD-DhAAL
|
| 041 |
|
|
|a ben
|
| 082 |
|
|
|a 153
|
| 100 |
|
|
|a নূরনবী, জসিমউদ্দীন.
|9 58191
|
| 245 |
|
|
|a জানার অন্তরালে /
|c জসিমউদ্দীন নূরনবী, সম্পাদনা খন্দকার হাসনাত করিম পিন্টু.
|
| 246 |
|
|
|a Janar antorale
|
| 260 |
|
|
|a ঢাকা :
|b উত্তরণ পাবলিশার্স,
|c ২০২৩.
|
| 300 |
|
|
|a ২৬৩ পৃষ্ঠা :
|b চিত্র ;
|c ২১ সে. মি.
|
| 526 |
|
|
|a AAL
|
| 541 |
|
|
|a Donated by Professor Syed Mahfuzul Aziz (Former Pro Vice-Chancellor of BRAC University)
|e 44336
|
| 650 |
|
|
|a Self-help.
|
| 650 |
|
|
|a Self-help techniques.
|9 58202
|
| 650 |
|
|
|a Philosophy.
|
| 700 |
|
|
|a পিন্টু, খন্দকার হাসনাত করিম.
|9 58192
|
| 942 |
|
|
|2 ddc
|c BK
|
| 999 |
|
|
|c 47294
|d 47294
|
| 952 |
|
|
|0 0
|1 0
|2 ddc
|4 0
|6 153_000000000000000_NAB
|7 0
|9 77671
|a BRACUL
|b BRACUL
|c GEN
|d 2025-04-27
|e Donated by Professor Syed Mahfuzul Aziz (Former Pro Vice-Chancellor of BRAC University)
|g 550.00
|l 0
|o 153 NAB
|p 3010044336
|r 2025-04-27
|t 1
|w 2025-04-27
|y BK
|x Donated by Professor Syed Mahfuzul Aziz (Former Pro Vice-Chancellor of BRAC University)
|